00605nam a2200181Ia 4500008004000000020001800040041000800058082001600066100001800082245001400100260004500114300001000159650001400169690002700183906001100210999001900221952018300240210210b2018 xxu||||| |||| 00| 0 eng d a9788129112163 aeng a820.33 BONP aBOND (Ruskin) aPotpourri aNew DelhibRupa Publications Indiac2018 ax,163 aPotpourri aIndian English Fiction a074020 c123785d123785 001040708EnglishaALbALcEnglish Literatured2021-02-17eBiblios Book Point, Surathkal-575014g195.00l1o820.33 BONPp074020r2022-03-25 00:00:00s2022-03-17w2021-02-17yBK